| 000 | 00560 a2200145 4500 | ||
|---|---|---|---|
| 008 | 090713t xxu||||| |||| 00| 0 eng d | ||
| 050 |
_aHF5635 _b.S87 1992 |
||
| 100 | _aStrathmore University | ||
| 245 | _aCPA revision kit: Financial accounting III | ||
| 260 |
_bStrathmore University _c2007 _aNairobi, Kenya |
||
| 300 |
_a378p. ; _c29cm. |
||
| 650 | _2Financial accounting | ||
| 942 |
_cBK _2lcc |
||
| 999 |
_c33438 _d33438 |
||